The verdict of you all

Gespeichert in:  
Bibliographische Detailangaben
1. VerfasserIn: Croft-Cooke, Rupert 1903-1979 (Verfasst von)
Medienart: Druck Buch
Sprache:Englisch
Veröffentlicht: London Secker & Warburg 1955
In:Jahr: 1955
Verfügbarkeit prüfen: HBZ Gateway
Subito Bestelldienst: Jetzt bestellen.
Schlagwörter:

MARC

LEADER 00000cam a2200000 c 4500
001 351212116
003 DE-627
005 20251223201254.0
007 tu
008 020726s1955 xxk||||| 00| ||eng c
010 |a  56044054  
016 7 |a b5504170  |2 UK 
035 |a (DE-627)351212116 
035 |a (DE-599)GBV351212116 
035 |a (OCoLC)248796290 
040 |a DE-627  |b ger  |c DE-627  |e rakwb 
041 |a eng 
044 |c XA-GB 
050 0 |a HV9650.L95 
082 0 |a 365.942  |q LOC 
082 0 |a 365.942133  |q OCLC 
084 |a 2,1  |2 ssgn 
084 |a PH 6165  |2 rvk  |0 (DE-625)rvk/136408:406 
084 |a PW 9180  |2 rvk  |0 (DE-625)rvk/140989: 
100 1 |8 1\p  |a Croft-Cooke, Rupert  |d 1903-1979  |0 (DE-588)105207454  |0 (DE-627)077099060  |0 (DE-576)289530148  |4 aut 
109 |a Croft-Cooke, Rupert 1903-1979  |a Cooke, Rupert Croft- 1903-1979 
245 1 4 |a The verdict of you all  |c by Rupert Croft-Cooke 
264 1 |a London  |b Secker & Warburg  |c 1955 
300 |a 253 S 
336 |a Text  |b txt  |2 rdacontent 
337 |a ohne Hilfsmittel zu benutzen  |b n  |2 rdamedia 
338 |a Band  |b nc  |2 rdacarrier 
610 1 0 |a Wormwood Scrubs Prison, London 
650 0 |a Homosexuality 
883 |8 1\p  |a cgwrk  |d 20251101  |q DE-101  |u https://d-nb.info/provenance/plan#cgwrk 
936 r v |a PH 6165  |b Strafverfahrensrecht, Strafvollzug, Gesetzgebungsmaterialien und -entwürfe zum Strafverfahrensrecht und Strafvollzug  |k Rechtswissenschaft  |k Strafrecht, Strafverfahrensrecht, Kriminologie  |k Vergleichendes und ausländisches Straf- und Strafprozessrecht einschliesslich Strafvollzug  |k Ausländisches Recht - Einzelne Länder  |k Westeuropa  |k Grossbritannien  |k Strafverfahrensrecht, Strafvollzug, Gesetzgebungsmaterialien und -entwürfe zum Strafverfahrensrecht und Strafvollzug  |0 (DE-627)1272577309  |0 (DE-625)rvk/136408:406  |0 (DE-576)202577309 
936 r v |a PW 9180  |b England / Britische Inseln  |k Rechtswissenschaft  |k Deutsche und ausländische Rechtsgeschichte  |k Europäische Rechtsgeschichte  |k England / Britische Inseln  |0 (DE-627)127070642X  |0 (DE-625)rvk/140989:  |0 (DE-576)20070642X 
951 |a BO 
ELC |b 1 
ORI |a SA-MARC-krimdok_oa001.raw